| 000 | 01269nam0a2200313 4500 | ||
|---|---|---|---|
| 001 | RU\NLR\bibl\1461420 | ||
| 005 | 20260405224348.0 | ||
| 010 |
_a978-5-88422-397-4 _9300 |
||
| 021 |
_aRU _b2009-92642 _95854 |
||
| 035 | _a(NLR Aleph) 001453184 | ||
| 090 |
_a1536148 _c1536148 |
||
| 100 | _a20100115d2009 |||y0rusy50 ca | ||
| 101 | 0 | _arus | |
| 102 | _aRU | ||
| 105 | _ay ||||||||| | ||
| 200 | 1 |
_aЯсная поляна _eпоэтический сборник Галины Афонской |
|
| 210 |
_aТула _cТульский полиграфист _d2009 |
||
| 215 |
_a95 с. _cил. _d17 |
||
| 327 | 1 | _aСодерж.: циклы: Свет разума; Свет очей; Ассоциации; "Сказка осень"; Книжный свет | |
| 600 | 1 |
_aТолстой _bЛ. Н. _f1828 - 1910 _gЛев Николаевич _xв художественной литературе _91776856 _3RU\NLR\auth\661092962 |
|
| 686 | _aШ6(2=Р)8-5 | ||
| 686 | _aШ5(2=Р)52-4Толстой765 | ||
| 700 | 1 |
_4070 _7ca _8rus _aАфонская _bГ. _cпоэт _gГалина _985384 _3RU\NLR\auth\77102458 |
|
| 801 | 0 |
_aRU _bNLR _c20100115 _gRCR |
|
| 801 | 1 |
_aRU _bNLR _c20100115 |
|
| 942 | _cBOOK | ||
| 980 | _aNB | ||